000 00334nam a2200145Ia 4500
008 230718s9999 xx 000 0 und d
041 _aEng.
082 _a346.5404
_bRAN-E
100 _aRana, Muhammad
245 0 _aEasemett Act, 1882
260 _aPakistan
_bPunjab Law Book
_c2016
300 _a164
650 _aLaw
999 _c31009
_d31009